Normal view
MARC view
- Marvin Cetron , Fred DeMicco , Owen Davies
Entry Personal Name
001 - CONTROL NUMBER
- control field: 4232
003 - CONTROL NUMBER IDENTIFIER
- control field: JO-AjAnu
005 - DATE AND TIME OF LATEST TRANSACTION
- control field: 20230606071007.0
008 - FIXED-LENGTH DATA ELEMENTS
- fixed length control field: 230606|| aca||aabn | a|a d
040 ## - CATALOGING SOURCE
- Original cataloging agency: JO-AjAnu
- Transcribing agency: JO-AjAnu
100 ## - HEADING--PERSONAL NAME
- Personal name: Marvin Cetron , Fred DeMicco , Owen Davies
670 ## - SOURCE DATA FOUND
- Source citation: Work cat.: (JO-AjAnu)2199: Marvin Cetron , Fred DeMicco , Owen Davies, author, Hospitality 2010 : the future of hospitality and travel